[Event "Massy op"]
[Site "Massy"]
[Date "2010.06.??"]
[Round "?"]
[White "Frere, Mehdi"]
[Black "Tirel, Marcel"]
[Result "1/2-1/2"]
[WhiteElo "1320"]
[BlackElo "1680"]
[PlyCount "123"]
[EventDate "2010.06.??"]
[EventType "swiss"]
[EventRounds "7"]
[EventCountry "FRA"]
[SourceTitle "EXT 2011"]
[Source "ChessBase"]
[SourceDate "2010.11.26"]
[SourceVersion "1"]
[SourceVersionDate "2010.11.26"]
[SourceQuality "1"]

1. e4 c6 2. d4 d5 3. e5 Bf5 4. Bd3 Bxd3 5. Qxd3 Qa5+ 6. c3 Qa6 7. Qxa6 Nxa6 8. f4 e6 9. Nf3 c5 10. Bd2 cxd4 11. cxd4 Ne7 12. 0-0 Nc6 13. a3 Be7 14. Be1 0-0 15. Nc3 Nc7 16. Rd1 Rac8 17. Bh4 Bxh4 18. Nxh4 Na5 19. f5 Nc4 20. Rf2 a6 21. a4 Na8 22. b3 Nxe5 23. Nxd5 Nc6 24. Ne3 Nb6 25. Nc4 Nxc4 26. bxc4 Nb4 27. fxe6 Rxc4 28. e7 Re8 29. Nf5 Rc7 30. d5 Rd7 31. d6 Nc6 32. Ne3 f6 33. Nc4 Nxe7 34. Re2 Red8 35. Rde1 Nf5 36. Re8+ Kf7 37. Rxd8 Rxd8 38. Rb1 Rd7 39. g4 Nd4 40. Kf2 b5 41. Rd1 bxc4 42. Rxd4 c3 43. Ke2 Ke6 44. Kd3 c2 45. Kxc2 Rxd6 46. Kc3 Rc6+ 47. Kb4 Rc2 48. h3 Ke5 49. Rd7 Rh2 50. Rxg7 Rxh3 51. Ka5 Rg3 52. Rxh7 Rxg4 53. Ra7 f5 54. Rxa6 f4 55. Rb6 Kd4 56. Rb1 Rg5+ 57. Kb6 f3 58. a5 f2 59. Rf1 Ke3 60. a6 Ke2 61. a7 Rg8 62. Rxf2+ 1/2-1/2

[Event "Massy op"]
[Site "Massy"]
[Date "2010.06.??"]
[Round "?"]
[White "Tirel, Marcel"]
[Black "Peignien, Laurent"]
[Result "1/2-1/2"]
[WhiteElo "1680"]
[BlackElo "1526"]
[PlyCount "67"]
[EventDate "2010.06.??"]
[EventType "swiss"]
[EventRounds "7"]
[EventCountry "FRA"]
[SourceTitle "EXT 2011"]
[Source "ChessBase"]
[SourceDate "2010.11.26"]
[SourceVersion "1"]
[SourceVersionDate "2010.11.26"]
[SourceQuality "1"]

1. d4 Nf6 2. c4 g6 3. Nc3 Bg7 4. Nf3 0-0 5. Bf4 d6 6. e3 Nh5 7. Bg3 f5 8. Bh4 Nc6 9. Be2 Qe8 10. Nd5 Qd7 11. 0-0 e6 12. Nc3 b6 13. Rc1 Nd8 14. Qb3 Nf7 15. Rfd1 Bb7 16. c5 Bxf3 17. Bxf3 d5 18. cxb6 cxb6 19. Bxh5 gxh5 20. Rc2 Nd6 21. Rdc1 Bh6 22. Bg3 Nc4 23. Qb5 Qxb5 24. Nxb5 Nxe3 25. Re2 Nxg2 26. Rc6 Nf4 27. Bxf4 Bxf4 28. Rcxe6 Kh8 29. Nc3 Rg8+ 30. Kh1 Rac8 31. Nxd5 Bd2 32. h3 Rc1+ 33. Kh2 Rcg1 34. Re8 1/2-1/2

[Event "Massy 21th op"]
[Site "Massy "]
[Date "2009.06.28"]
[Round "?"]
[White "Pineau, Miguel"]
[Black "Tirel, Marcel"]
[Result "1-0"]
[WhiteElo "1810"]
[BlackElo "1690"]
[PlyCount "55"]
[EventDate "2009.06.27"]
[EventType "swiss"]
[EventRounds "7"]
[EventCountry "FRA"]
[SourceTitle "EXT 2010"]
[Source "ChessBase"]
[SourceDate "2010.11.25"]
[SourceVersion "1"]
[SourceVersionDate "2010.11.25"]
[SourceQuality "1"]

1. c4 e5 2. g3 Nf6 3. Nc3 Be7 4. Bg2 0-0 5. e3 Nc6 6. Nge2 d6 7. 0-0 Be6 8. d3 Qd7 9. Re1 Bh3 10. Bh1 Rad8 11. a3 Qc8 12. b4 a6 13. Qa4 Bd7 14. Qb3 Bf5 15. Nd5 Qd7 16. a4 Nxd5 17. cxd5 Nb8 18. b5 Bf6 19. e4 Bg6 20. f3 b6 21. Be3 a5 22. Rac1 Rc8 23. Rc4 Rfe8 24. Rec1 Bd8 25. R1c3 f5 26. Qc2 fxe4 27. dxe4 Rf8 28. Bxb6 1-0

[Event "Agneaux St Lo op"]
[Site "Agneaux"]
[Date "2005.07.11"]
[Round "4"]
[White "Tirel, Marcel"]
[Black "Georgescu, Gabriel"]
[Result "0-1"]
[WhiteElo "1840"]
[BlackElo "2093"]
[PlyCount "68"]
[EventDate "2005.07.08"]
[EventType "swiss"]
[EventRounds "9"]
[EventCountry "FRA"]
[SourceTitle "CBM 107 Extra"]
[Source "ChessBase"]
[SourceDate "2005.09.01"]
[SourceVersion "1"]
[SourceVersionDate "2005.09.01"]
[SourceQuality "1"]

1. d4 Nf6 2. Nf3 g6 3. c4 Bg7 4. Nc3 0-0 5. Bf4 d6 6. e3 c6 7. Be2 h6 8. 0-0 Nh5 9. Bg3 Nxg3 10. hxg3 Nd7 11. Qc2 Qa5 12. Qa4 Qxa4 13. Nxa4 a6 14. Nc3 b5 15. cxb5 axb5 16. a3 Nb6 17. Rac1 Be6 18. Nd2 Rfc8 19. Bf3 Rab8 20. Rc2 Nc4 21. Nxc4 Bxc4 22. Rfc1 e5 23. dxe5 Bxe5 24. Rd2 Be6 25. Ne2 c5 26. Nf4 Bb3 27. Nd5 Kf8 28. Nf4 c4 29. Nd5 h5 30. Nc3 b4 31. axb4 Rxb4 32. Nd5 Rb5 33. Be2 Rxd5 34. Rxd5 Bxb2 0-1